[Event "Rheinland Pfalz op 4th"]
[Site "Altenkirchen"]
[Date "2012.06.08"]
[Round "4"]
[White "Ebach, Simon"]
[Black "Schwier, Alexander"]
[Result "0-1"]
[WhiteElo "1770"]
[BlackElo "1358"]
[PlyCount "66"]
[EventDate "2012.06.07"]
[EventType "swiss"]
[EventRounds "7"]
[EventCountry "GER"]
[SourceTitle "CBM 148 Extra"]
[Source "ChessBase"]
[SourceDate "2012.06.22"]
[SourceVersion "1"]
[SourceVersionDate "2012.06.22"]
[SourceQuality "1"]

1. e4 e5 2. Nf3 Nc6 3. Bc4 Bc5 4. c3 d6 5. d4 exd4 6. cxd4 Bb4+ 7. Nc3 h6 8. 0-0 Bg4 9. Bb5 a6 10. Bxc6+ bxc6 11. Qa4 Bxf3 12. gxf3 Bxc3 13. Qxc6+ Kf8 14. bxc3 Ne7 15. Qc4 Qd7 16. Bf4 g5 17. Bg3 Rg8 18. e5 h5 19. exd6 cxd6 20. Qb4 Rd8 21. Rfe1 h4 22. Be5 dxe5 23. Rxe5 g4 24. f4 g3 25. Rae1 Re8 26. f5 f6 27. Re6 Qd5 28. Rxf6+ Kg7 29. Ree6 gxh2+ 30. Kxh2 h3 31. f3 Qxf3 32. Rxe7+ Kxf6 33. Qd6+ Kg5 0-1